00478pab a2200157 454500008004000000100001600040245009900056260000900155300001300164362000800177650003600185650001200221700002100233700001400254773005200268180718b2003 xxu||||| |||| 00| 0 eng d aSingh, I.J. aForest stock assessment using IRS LISS III and pan merged data in Timli forest range, Dehradun c2003 ap.49-56. aMay aForests - India - Uttar Pradesh aForests aKushwaha, S.P.S. aDas, K.K. aJournal of the Indian Society of Remote Sensing